000 00705nam a2200193 i 4500
001 86859
003 ES-MaACL
005 20230906175535.0
007 t|
008 041216s1957 sp ||||1| spa d
100 1 _aKirk, Samuel A.
_968120
245 1 3 _aLa educación familiar del subnormal /
_cSamuel A. Kirk, Merle B. Karnes, Winifred D. Kirk ; [versión española de la segunda edición americana, notas y epílogo por M. Bosch Barret].
260 _aBarcelona :
_bPro Médica,
_c1957 (
_fMariano Galve)
300 _a159 p. ;
_c22 cm.
700 1 _aKarnes, Merle B.
_967572
700 1 _aKirk, Winifred D.
_968121
700 1 _aBosch Barrett, Manuel.
_930649
852 _aES-MaACL
_jC-12552
_bR.40601
999 _c86859
_d86859